Specification for hard rubber containers for motor vehicle batteries. (Record no. 73439)

MARC details
000 -LEADER
fixed length control field 00351nam a2200121Ia 4500
245 #0 - TITLE STATEMENT
Title Specification for hard rubber containers for motor vehicle batteries.
260 ## - PUBLICATION, DISTRIBUTION, ETC. (IMPRINT)
Year of publication 1960
500 ## - GENERAL NOTE
General note Standard number: IS 1146
650 ## - SUBJECT ADDED ENTRY--TOPICAL TERM
Topical Term Hard rubber container
650 ## - SUBJECT ADDED ENTRY--TOPICAL TERM
Topical Term Motor vehicle battery
942 ## - ADDED ENTRY ELEMENTS (KOHA)
Koha item type Standards
Holdings
Withdrawn status Lost status Damaged status Not for loan Collection code Home library Current library Date acquired Koha item type
      Standards Indian standards RRII Library RRII Library 31/12/2021 Standards